Fare famiglia oggi (Record n. 217876)
[ formato base ]
| 000 -LEADER | |
|---|---|
| campo di controllo lung. fissa | 01435nam a2200241Ia 4500 |
| 001 - Numero di controllo | |
| campo di controllo | a1364-32970 |
| 003 - Identificatore del numero di controllo | |
| campo di controllo | IT-MiCISF |
| 005 - Data e orario dell'ultima transazione | |
| campo di controllo | 20251024161910.0 |
| 008 - Elementi di lunghezza fissa--Informazione generale | |
| campo di controllo lung. fissa | 161014s9999||||xx |||||||||||||| ||und|| |
| 040 ## - Fonte della catalogazione | |
| Agenzia catalografica originale | IT-MiCISF |
| Agenzia che fa la trascrizione | IT-MiCISF |
| 041 ## - Codice di lingua | |
| Codice di lingua del testo/traccia sonora o titolo separato | it |
| 100 ## - Accesso principale -- nome di persona | |
| Nome di persona | Belletti Francesco (a cura di) |
| 9 (RLIN) | 61079 |
| 245 #0 - Formulazione del titolo | |
| Titolo | Fare famiglia oggi |
| 260 ## - Pubblicazione, distribuzione, ecc. (stampa) | |
| Luogo di pubblicazione, distribuzione, ecc. | Roma, |
| Nome dell'editore, distributore, ecc. | Città nuova, |
| Data di pubblicazione, distribuzione, ecc. | 2001 |
| 300 ## - Descrizione fisica | |
| Estensione | pp. 109 |
| 500 ## - Nota generale | |
| Nota generale | / famiglia, coppia, giovani, società, statistica, pastorale-familiare, lavoro / |
| 520 ## - Riassunto, ecc. | |
| Nota di riassunto, ecc. | Il volume, frutto della collaborazione tra il Forum delle Associazioni familiari e gli uffici CEI per la famiglia e per il lavoro, fornisce le evidenze empiriche della situazione di difficoltà che caratterizza spesso le giovani coppie, che si trovano di fronte ad un contesto sociale indifferente, quando non addirittura ostile, alla scelta di "fare famiglia". Vengono poi evidenziati alcuni possibili percorsi di promozione della progettualità di coppia, che richiamano ad una responsabilità specifica tutti gli attori sociali: persone, famiglie, politica, economia, comunità ecclesiale, nella convinzione che investire sulle nuove famiglie sia un "buon investimento" per il futuro dell'Italia intera. |
| 650 ## - Accesso aggiunto di soggetto--termine topico | |
| Termine topico o nome geografico come accesso | Famiglia |
| Termine di ruolo | 006 |
| 654 ## - Accesso aggiunto di soggetto--termini topici faccettati | |
| Termine principale | saggio |
| 700 ## - Accesso aggiunto--nome di persona | |
| Nome di persona | Santolini L., Belletti F., Tomisich M., Di Nicola P., Livraghi R., Bonetti R., Caracciolo P. |
| 9 (RLIN) | 62661 |
| 942 ## - Dati aggiuntivi (Koha) | |
| Tipo copia default (Koha) | LIBRO |
| Fonte della classificazione o dello schema di collocazione (segnatura) | Dewey Decimal Classification |
| 999 ## - Sys Number locale (Koha) | |
| Koha Dewey Subclass [OBSOLETE] | si |
| Ritirato (status) | Perso (status) | Danneggiato (status) | Non per il presito | Biblioteca proprietaria | Biblioteca in cui si trova | Data d'acquisizione | Totale prestiti | Collocazione | Data ultima operazione | Prezzo in vigore dal | Tipo copia default (Koha) | Nota pubblica |
|---|---|---|---|---|---|---|---|---|---|---|---|---|
| Buone Condizioni | Not For Loan | CISF - Milano | CISF - Milano | 14/10/2016 | a1364-32970 | 14/10/2016 | 14/10/2016 | LIBRO | Data import 15.10.2016 / by Epidotti, Vaglietti |